Bishwa sahityar parichay (DSE 3)/ (Record no. 12066)

MARC details
000 -LEADER
fixed length control field 00557nam a22002057a 4500
005 - DATE AND TIME OF LATEST TRANSACTION
control field 20250227045918.0
008 - FIXED-LENGTH DATA ELEMENTS--GENERAL INFORMATION
fixed length control field 250227b |||||||| |||| 00| 0 eng d
020 ## - INTERNATIONAL STANDARD BOOK NUMBER
International Standard Book Number 9789393805003
040 ## - CATALOGING SOURCE
Original cataloging agency IN-DiNC
Transcribing agency IN-DiNC
041 ## - LANGUAGE CODE
Language code of sung or spoken text Assamese
082 ## - DEWEY DECIMAL CLASSIFICATION NUMBER
Classification number 809
Item number BIS
245 ## - TITLE STATEMENT
Title Bishwa sahityar parichay (DSE 3)/
Statement of responsibility, etc. ed. by Karabi Gogoi and Dipali Gogoi
250 ## - EDITION STATEMENT
Edition statement 2nd ed.
260 ## - PUBLICATION, DISTRIBUTION, ETC.
Place of publication, distribution, etc. Dibrugarh:
Name of publisher, distributor, etc. Banalata,
Date of publication, distribution, etc. 2023.
300 ## - PHYSICAL DESCRIPTION
Extent 112p.
650 ## - SUBJECT ADDED ENTRY--TOPICAL TERM
Topical term or geographic name entry element World literature
700 ## - ADDED ENTRY--PERSONAL NAME
Personal name Gogoi, Karabi
Relator term Editor
700 ## - ADDED ENTRY--PERSONAL NAME
Personal name Gogoi, Dipali
Relator term Editor
942 ## - ADDED ENTRY ELEMENTS (KOHA)
Source of classification or shelving scheme Dewey Decimal Classification
Koha item type Books
Holdings
Withdrawn status Lost status Source of classification or shelving scheme Damaged status Not for loan Collection code Home library Current library Shelving location Date acquired Cost, normal purchase price Total Checkouts Full call number Barcode Date last seen Date last checked out Copy number Price effective from Koha item type
    Dewey Decimal Classification     Assamese Central Library, Naharkatiya College Central Library, Naharkatiya College General Stacks 27/02/2025 190.00 1 809 BIS 30559 24/05/2025 01/03/2025 1 27/02/2025 Books
    Dewey Decimal Classification     Assamese Central Library, Naharkatiya College Central Library, Naharkatiya College General Stacks 27/02/2025 190.00 1 809 BIS 30560 24/05/2025 01/03/2025 2 27/02/2025 Books
    Dewey Decimal Classification     Assamese Central Library, Naharkatiya College Central Library, Naharkatiya College General Stacks 27/02/2025 190.00   809 BIS 30561 27/02/2025   3 27/02/2025 Books

Naharkatiya College © 2020. All rights reserved.

Powered By